[Event "Ch Hamburg (juniors) (under 20)"]
[Site "Hamburg (Germany)"]
[Round "6"]
[White "Baulig Bjoern (GER)"]
[Black "Wahedi Ahmad Siar (GER)"]
[Result "1-0"]
[WhiteElo "2114"]
[BlackElo "2287"]

1.d4 Nf6 2.c4 g6 3.Nc3 Bg7 4.e4 d6 5.Nf3 O-O 6.Be2 Nbd7 7.O-O e5 8.d5 Nc5
9.Qc2 a5 10.Bg5 h6 11.Be3 Nfd7 12.Nd2 f5 13.exf5 gxf5 14.f3 Na6 15.a3 Ndc5
16.Rab1 f4 17.Bf2 Bf5 18.Nde4 Nxe4 19.fxe4 Bd7 20.b4 Qg5 21.Qd3 axb4 22.axb4
h5 23.Kh1 Kh7 24.c5 Rg8 25.c6 Bf6 26.Rg1 bxc6 27.dxc6 Be6 28.Nd5 Bd8 29.Bf3
Bxd5 30.exd5+ Kh8 31.Qc4 Nb8 32.Ra1 Rxa1 33.Rxa1 Bf6 34.Ra8 Qg6 35.Qe4 Qf7
36.b5 Nxc6 37.Rxg8+ Kxg8 38.dxc6 Qa2 39.Qd5+ {#r} 1-0

[Event "Ch Poland (juniors) (under 18)"]
[Site "Krynica (Poland)"]
[Round "0"]
[White "Uryga Jacek (POL)"]
[Black "Kempinski Tomasz (POL)"]
[Result "1-0"]
[WhiteElo "2136"]
[BlackElo "2242"]

1.Nf3 g6 2.c4 Bg7 3.Nc3 Nf6 4.e4 d6 5.d4 O-O 6.Be2 Nbd7 7.O-O e5 8.d5 Nc5
9.Qc2 a5 10.Bg5 h6 11.Be3 Nfd7 12.Nd2 f5 13.f3 f4 14.Bf2 g5 15.b3 Nf6 16.a3 g4
17.Rab1 gxf3 18.Bxf3 Ng4 19.Bxg4 Bxg4 20.Nf3 Bxf3 21.gxf3 Qg5+ 22.Kh1 Qh5
23.Qe2 Rf6 24.Rg1 Kh7 25.Rg2 Rg6 26.Bxc5 dxc5 27.Rbg1 Rg5 28.Nb5 Rc8 29.Rd1
Bf8 30.Rdg1 Bd6 31.a4 Rcg8 32.Rxg5 hxg5 33.Rg4 Rg6 34.Qg2 Kg7 35.Nc3 Kf7
36.Nd1 Be7 37.Nf2 Rb6 38.Nd3 Rxb3 39.Qc2 Ra3 40.Nxe5+ Ke8 41.Qb2 Rxf3 42.Qxb7
Bd8 43.Qc8 Rf1+ 44.Kg2 f3+ 45.Kxf1 Qh3+ 46.Ke1 f2+ 47.Kxf2 Qxh2+ 48.Ke3 Qxe5
49.Qe6+ Qxe6 50.dxe6 Bf6 51.e5 Bxe5 52.Rxg5 Bd4+ 53.Ke4 c6 54.Kf5 {#r} 1-0

[Event "Ch Portugal (juniors)"]
[Site "Silves (Portugal)"]
[Round "3"]
[White "Andrade Leonardo (POR)"]
[Black "Ribeiro Luis Landeiro (POR)"]
[Result "1-0"]
[WhiteElo "2235"]
[BlackElo "2089"]

1.d4 Nf6 2.Nf3 g6 3.c4 Bg7 4.Nc3 O-O 5.e4 d6 6.Be2 Nbd7 7.O-O e5 8.d5 Nc5
9.Qc2 a5 10.Bg5 h6 11.Be3 Qe7 12.Nd2 Bd7 13.b3 Kh7 14.a3 Na6 15.Qb1 Ng4
16.Bxg4 Bxg4 17.f3 Bd7 18.b4 axb4 19.axb4 f5 20.exf5 Bxf5 21.Nde4 c6 22.Qb3
Bxe4 23.Nxe4 cxd5 24.cxd5 b5 25.Rfc1 Nc7 26.Ra5 Rfb8 27.Rc6 Ne8 28.Qa2 Rxa5
29.bxa5 b4 30.Bb6 Nf6 31.Qc4 b3 32.Qxb3 Nxe4 33.fxe4 Qh4 34.Qe3 Rf8 35.Qe2
{#r} 1-0

[Event "Ch Slovakia (team) 1998/99 (1 liga) East"]
[Site "Slovakia"]
[Round "4"]
[White "Kostelny Jozef (SVK)"]
[Black "Hlinka Michal (SVK)"]
[Result "0-1"]
[WhiteElo "2232"]
[BlackElo "2208"]

1.d4 Nf6 2.c4 g6 3.Nc3 Bg7 4.e4 d6 5.Nf3 O-O 6.Be2 e5 7.O-O Nbd7 8.d5 Nc5
9.Qc2 a5 10.Bg5 h6 11.Bh4 g5 12.Bg3 Nh5 13.h4 Nf4 14.hxg5 hxg5 15.Nh2 f5 16.f3
Rf7 17.b3 Qf6 18.Rab1 Bf8 19.a3 a4 20.bxa4 b6 21.Bf2 Nxa4 22.Nxa4 Rxa4 23.Rb3
Rh7 24.exf5 Bxf5 25.Qd2 Be7 26.Bg3 Qh6 27.Qe3 Bf6 28.Re1 Kf7 29.Bf1 Ra8 30.Ng4
Qg6 31.Nxf6 Kxf6 32.Kf2 Rh1 33.c5 bxc5 34.Rb7 Bc8 35.Rxc7 Qc2+ 36.Be2 Rxe1
{#R} 0-1

[Event "Staatsliga B 1999/00"]
[Site "Austria"]
[Round "2"]
[White "Wukits Rene (AUT)"]
[Black "Petzer Reinhard (AUT)"]
[Result "1-0"]
[WhiteElo "2225"]
[BlackElo "2135"]

1.d4 Nf6 2.c4 g6 3.Nc3 Bg7 4.e4 d6 5.Be2 O-O 6.Nf3 e5 7.d5 Nbd7 8.O-O Nc5
9.Qc2 a5 10.Bg5 h6 11.Be3 Nh5 12.g3 f5 13.Nh4 Qe8 14.Bxh5 gxh5 15.Nxf5 Kh7
16.Bxc5 dxc5 17.Rad1 h4 18.d6 c6 19.Na4 h3 20.Nb6 Rxf5 21.exf5 Qh5 22.Rd3 e4
23.Re3 Rb8 24.d7 Bxd7 25.Nxd7 {#r} 1-0

[Event "Tournament"]
[Site "Bad Wildbad (Germany)"]
[Round "7"]
[White "Matzat Andre (GER)"]
[Black "Busacker Holger (GER)"]
[Result "0-1"]
[WhiteElo "2245"]
[BlackElo "1968"]

1.d4 Nf6 2.Nf3 g6 3.c4 Bg7 4.Nc3 d6 5.e4 O-O 6.Be2 e5 7.O-O Nbd7 8.d5 a5 9.Qc2
Nc5 10.b3 Nh5 11.Ne1 Nf4 12.Nd3 Nfxd3 13.Bxd3 f5 14.f3 f4 15.Rb1 b6 16.a3 g5
17.Be2 h5 18.b4 Nd7 19.g4 hxg4 20.fxg4 Nf6 21.h3 Kf7 22.c5 Rh8 23.Kg2 axb4
24.axb4 Qg8 25.cxd6 Qh7 26.Qd3 Bxg4 27.Bxg4 Nxg4 28.Qf3 Nf6 29.Rg1 g4 30.hxg4
Qh2+ 31.Kf1 Rh3 32.Qe2 Qxe2+ 33.Nxe2 cxd6 34.Kg2 Rd3 35.Bxf4 exf4 36.Nxf4 Rd2+
37.Kf1 Nxe4 38.Rg2 Raa2 39.Rc1 Rf2+ 40.Kg1 Rxg2+ 41.Nxg2 Bd4+ 42.Kh2 Be5+
43.Kh3 Ng5+ {#R} 0-1

[Event "It (open)"]
[Site "Frankfurt (Germany)"]
[Round "4"]
[White "Overbeck Thorsten (GER)"]
[Black "Mueller Achim (GER)"]
[Result "0-1"]
[WhiteElo "2137"]
[BlackElo "1992"]

1.d4 Nf6 2.c4 g6 3.Nc3 Bg7 4.e4 d6 5.Nf3 O-O 6.Be2 e5 7.O-O Nbd7 8.d5 a5 9.Qc2
Nc5 10.b3 Nh5 11.Ne1 Nf4 12.Rb1 f5 13.f3 Bh6 14.Kh1 g5 15.a3 Qe8 16.b4 axb4
17.axb4 Na4 18.Bxf4 Nxc3 19.Qxc3 exf4 20.Bd3 Bg7 21.Qc2 fxe4 22.Bxe4 Qh5
23.Nd3 Bd7 24.c5 Ra3 25.Qf2 Rfa8 26.Nc1 Bb5 27.Rd1 Re3 28.Bd3 Ba4 29.Bc2 Bxc2
30.Qxc2 Rae8 31.Nd3 Bd4 32.Re1 Qg6 33.Rxe3 Rxe3 34.Rd1 g4 35.fxg4 Qxg4 36.Nf2
Qe2 37.Qxe2 Rxe2 38.Nd3 Be3 39.h3 Kg7 40.cxd6 cxd6 41.Rf1 Rd2 42.Nxf4 Bxf4
43.Rxf4 Rxd5 44.g3 Rd2 45.Kg1 Kg6 46.Kf1 h5 47.h4 d5 48.Kg1 Re2 49.Kf1 Re4
50.Kf2 Rxf4+ 51.gxf4 Kf5 52.Ke3 Kg4 53.b5 Kxh4 54.Kd4 Kg4 55.Ke5 h4 56.f5 h3
57.f6 h2 58.f7 h1=Q 59.f8=Q Qe4+ {#R} 0-1

[Event "Bayern Oberliga 1999/00"]
[Site "Germany"]
[Round "1"]
[White "Hornung Hans Dr (GER)"]
[Black "Wockenfuss Klaus (GER)"]
[Result "0-1"]
[WhiteElo "2249"]
[BlackElo "2327"]

1.Nf3 Nf6 2.c4 g6 3.Nc3 Bg7 4.e4 d6 5.d4 O-O 6.Be2 Nbd7 7.O-O e5 8.d5 Nc5
9.Qc2 a5 10.Bg5 h6 11.Be3 b6 12.Nd2 Bg4 13.f3 Bd7 14.b3 Nh5 15.Rfb1 Bf6 16.Nb5
Bg5 17.Bf2 f5 18.exf5 Bxf5 19.Ne4 Nxe4 20.fxe4 Bd7 21.Bxh5 gxh5 22.a3 h4 23.h3
Bf4 24.b4 Kh8 25.bxa5 Rxa5 26.Nxc7 Qxc7 27.Bxb6 Qxb6+ 28.Rxb6 Be3+ 29.Kh1 Bxb6
30.Qd2 Rf6 31.Qb4 Ra6 32.c5 Bxc5 33.Qb8+ Kg7 34.Qd8 Ra7 35.Kh2 Bf2 36.g4 hxg3+
37.Kg2 Bc5 38.Kxg3 Rf8 39.Qe7+ Rf7 40.Qd8 Rb7 41.Ra2 Rb3+ 42.Kg2 Bxh3+ 43.Kh2
Bf1 {#R} 0-1

[Event "Bundesliga (2nd) West 1999/00"]
[Site "Germany"]
[Round "1"]
[White "Puth Dieter (GER)"]
[Black "Werner Dimo (GER)"]
[Result "0-1"]
[WhiteElo "2212"]
[BlackElo "2379"]

1.d4 Nf6 2.c4 d6 3.Nc3 Nbd7 4.e4 e5 5.Nf3 g6 6.Be2 Bg7 7.O-O O-O 8.d5 Nc5
9.Qc2 a5 10.Bg5 h6 11.Be3 Ne8 12.Nd2 f5 13.exf5 gxf5 14.f4 e4 15.Nb3 Qe7
16.Qd2 a4 17.Nd4 Kh7 18.Rab1 Bd7 19.b4 axb3 20.axb3 Nf6 21.b4 Na4 22.Nxa4 Rxa4
23.Ra1 Rfa8 24.Rxa4 Rxa4 25.h3 Qf8 26.Nb5 Bxb5 27.cxb5 Qa8 28.Rc1 Ra2 29.Qd1
Qa3 30.Bd4 Rxe2 31.Rxc7 Qa2 32.g4 Rd2 33.Qa1 Rg2+ {#R} 0-1

[Event "Oberliga East A 1998/99"]
[Site "Germany"]
[Round "0"]
[White "Aring Gerd (GER)"]
[Black "Zipfel Frank (GER)"]
[Result "0-1"]
[WhiteElo "2195"]
[BlackElo "2238"]

1.d4 Nf6 2.Nf3 g6 3.c4 Bg7 4.Nc3 O-O 5.e4 d6 6.Be2 Nbd7 7.O-O e5 8.d5 Nc5
9.Qc2 a5 10.Bg5 h6 11.Be3 Ne8 12.Nd2 f5 13.exf5 gxf5 14.f4 exf4 15.Bxf4 Nf6
16.Nb3 Nfe4 17.Nxe4 Nxe4 18.Rad1 Bd7 19.Bf3 Qf6 20.Nd4 Rae8 21.Kh1 Qg6 22.b3
Re7 23.Ne2 Ng5 24.Ng3 Nxf3 25.Rxf3 Rfe8 26.Bd2 h5 27.Nxf5 Re4 28.Nh6+ Bxh6
29.Rdf1 Bxd2 30.Qxd2 Re2 31.Rf8+ Rxf8 32.Qxe2 Rxf1+ 33.Qxf1 Qf5 34.Qe1 Qe5
35.Qd1 Bg4 36.Qc1 Kg7 37.h3 Be2 38.Qe1 Qe4 39.Qg3+ Kh6 40.Qf2 Qe5 41.Qf8+ Kg6
42.Qg8+ Kf5 43.Qf7+ Kg5 44.Qxc7 Kh4 45.Qxa5 Bf3 46.Qb6 Qe1+ 47.Qg1 Qxg1+
48.Kxg1 Be4 49.g4 hxg4 50.hxg4 Bb1 51.c5 Kxg4 52.cxd6 Bf5 53.a4 Kf3 54.Kf1 Ke4
55.a5 Kd3 56.Ke1 Kc2 57.b4 Bd7 58.Ke2 Bb5+ 59.Ke1 Kc1 60.Kf2 Kd2 {#R} 0-1

[Event "Oberliga Southwest 1998/99"]
[Site "Germany"]
[Round "5"]
[White "Karst Elmar (GER)"]
[Black "Schmidt Rainer (GER)"]
[Result "1-0"]
[WhiteElo "2270"]
[BlackElo "2144"]

1.d4 Nf6 2.Nf3 g6 3.c4 Bg7 4.Nc3 d6 5.e4 O-O 6.Be2 Nbd7 7.O-O e5 8.d5 Nc5
9.Qc2 a5 10.Bg5 h6 11.Be3 Nh5 12.Rfe1 f5 13.Nd2 Nf4 14.Bf1 Nh5 15.f3 f4 16.Bf2
Bf6 17.a3 a4 18.Bxc5 dxc5 19.Nxa4 b6 20.Be2 Bh4 21.Red1 Qg5 22.Nc3 Bh3 23.Bf1
Bc8 24.Bd3 Qe7 25.Nf1 g5 26.Be2 Qg7 27.d6 c6 28.Na4 Rb8 29.b4 g4 30.Rd2 Nf6
31.Rad1 Kh8 32.Qb2 Rg8 33.Qxe5 Bf2+ 34.Kh1 gxf3 35.Bxf3 Bd4 36.Qxf4 Bg4 37.Ng3
Bxf3 38.Qxf3 Ng4 39.Nf5 Qg5 40.Nxd4 cxd4 41.Rxd4 Rbf8 42.Qg3 Nf2+ 43.Kg1 Qxg3
44.hxg3 Nxd1 45.Rxd1 Rg4 46.e5 Re4 47.Nxb6 Rd8 48.b5 {#r} 1-0

[Event "It (open)"]
[Site "Gladbeck (Germany)"]
[Round "1"]
[White "Schneider Guenter (GER)"]
[Black "Kucheyda Joerg (GER)"]
[Result "1-0"]
[WhiteElo "1945"]
[BlackElo "2113"]

1.d4 Nf6 2.c4 g6 3.Nc3 Bg7 4.e4 d6 5.Nf3 O-O 6.Be2 Nbd7 7.O-O e5 8.d5 Nc5
9.Qc2 a5 10.Bg5 h6 11.Be3 b6 12.Nd2 Nh7 13.a3 f5 14.f3 Nf6 15.b4 Nb7 16.Rac1
f4 17.Bf2 g5 18.Nd1 axb4 19.axb4 g4 20.Bh4 h5 21.Nf2 Qe8 22.Bxf6 Rxf6 23.fxg4
hxg4 24.Nxg4 Rg6 25.h3 Ra3 26.Rf3 Ra8 27.Rf2 Qe7 28.Qb3 Qh4 29.Nf1 Bd7 30.Nfh2
Qd8 31.Bf3 Qb8 32.Ra2 Nd8 33.Rca1 Rxa2 34.Qxa2 b5 35.Qa8 Qb6+ 36.Kh1 Qd4
37.Qxd8+ Kh7 38.Qh4+ Rh6 39.Qe1 Rg6 40.c5 dxc5 41.bxc5 b4 42.c6 Bc8 43.Ra8
Bxg4 44.Nxg4 b3 45.Qh4+ Bh6 46.Nxh6 Rxh6 47.Qe7+ Kg6 48.Rg8# 1-0

[Event "It (open)"]
[Site "Hallstahammar (Sweden)"]
[Round "0"]
[White "Moborn Anders (SWE)"]
[Black "Blomstrom Lars (SWE)"]
[Result "0-1"]
[WhiteElo "2133"]
[BlackElo "2274"]

1.d4 Nf6 2.c4 g6 3.Nc3 Bg7 4.e4 d6 5.Nf3 O-O 6.Be2 e5 7.O-O Nbd7 8.d5 Nc5
9.Qc2 a5 10.Ne1 Nfd7 11.Be3 f5 12.f3 f4 13.Bf2 h5 14.Rb1 g5 15.h3 b6 16.a3 a4
17.Nd3 Nf6 18.Bxc5 bxc5 19.Nxa4 g4 20.hxg4 hxg4 21.Kf2 Nxe4+ 22.Ke1 Qh4+
23.Kd1 Ng3 24.Re1 Nf5 25.Kd2 Nd4 26.Qd1 e4 {#R} 0-1

[Event "Ch Poland (team) (2nd liga)"]
[Site "Polanica Zdroj (Poland)"]
[Round "1"]
[White "Kapral Krzysztof (POL)"]
[Black "Slezak Robert (POL)"]
[Result "1-0"]
[WhiteElo "2183"]
[BlackElo "2165"]

1.Nf3 Nf6 2.d4 g6 3.c4 Bg7 4.Nc3 d6 5.e4 O-O 6.Be2 e5 7.O-O Nbd7 8.d5 Nc5
9.Qc2 a5 10.Bg5 h6 11.Be3 Na6 12.Ne1 Ng4 13.Bxg4 Bxg4 14.f3 Bd7 15.a3 f5
16.Nd3 f4 17.Bf2 g5 18.b4 h5 19.b5 Nb8 20.c5 g4 {#r} 1-0

[Event "Ch Slovakia (team) 1998/99 (1 liga) East"]
[Site "Slovakia"]
[Round "9"]
[White "Kostelny Jozef (SVK)"]
[Black "Hagara Eduard (SVK)"]
[Result "0-1"]
[WhiteElo "2166"]
[BlackElo "2329"]

1.d4 Nf6 2.c4 g6 3.Nc3 Bg7 4.e4 d6 5.Nf3 O-O 6.Be2 Nbd7 7.O-O e5 8.d5 Nc5
9.Qc2 a5 10.Bg5 h6 11.Be3 b6 12.h3 Nh5 13.Rfe1 Nf4 14.Bf1 g5 15.a3 f5 16.b4
Nxe4 17.Nxe4 fxe4 18.Nd2 Qf6 19.Nxe4 Qg6 20.Rac1 axb4 21.axb4 h5 22.Ng3 Qf7
23.Red1 h4 24.Ne4 Bh6 25.Qd2 g4 26.hxg4 Bxg4 27.f3 Bf5 28.Kh1 Qg6 29.Nf2 Qg3
30.Ng4 Bxg4 31.Bf2 Nh3 32.Bxg3 Bxd2 33.Rxd2 hxg3 34.fxg4 Nf2+ 35.Kg1 Rf6 36.g5
Rf4 37.Bd3 Rd4 38.Rc3 Ra1+ {#R} 0-1

[Event "Ch Slovakia (team) 1998/99 (1 liga) East"]
[Site "Slovakia"]
[Round "11"]
[White "Turna Dusan (SVK)"]
[Black "Harasta Igor (SVK)"]
[Result "0-1"]
[WhiteElo "2189"]
[BlackElo "2164"]

1.d4 Nf6 2.c4 g6 3.Nc3 Bg7 4.e4 d6 5.Be2 O-O 6.Nf3 e5 7.O-O Nbd7 8.d5 Nc5
9.Qc2 a5 10.Bg5 h6 11.Bh4 g5 12.Bg3 Nh5 13.Nd2 Nf4 14.Rfe1 Nxe2+ 15.Rxe2 f5
16.f3 f4 17.Bf2 b6 18.b3 Nd7 19.Ree1 h5 20.a3 g4 21.Kh1 Rf7 22.b4 g3 23.Bg1
gxh2 24.Bf2 Qg5 25.bxa5 Bf8 26.Kxh2 Rg7 27.Rg1 Nf6 28.Nb3 h4 29.Be1 Nh5 30.Nd1
h3 31.Qf2 Ng3 32.gxh3 Rh7 33.Rxg3 fxg3+ 34.Qxg3 Rxh3+ 35.Qxh3 Bxh3 36.Kxh3
bxa5 37.Ra2 Kf7 38.Rg2 Qh5+ 39.Kg3 Be7 40.Kf2 Bh4+ 41.Ke2 Bxe1 {#R} 0-1

[Event "It (open)"]
[Site "Bern (Switzerland)"]
[Round "2"]
[White "Moser Philippe (SUI)"]
[Black "Suetin Alexei S (RUS)"]
[Result "0-1"]
[WhiteElo "1923"]
[BlackElo "2364"]

1.d4 Nf6 2.c4 g6 3.Nc3 Bg7 4.e4 d6 5.Be2 O-O 6.Nf3 Nbd7 7.O-O e5 8.d5 Nc5
9.Qc2 a5 10.Bg5 h6 11.Be3 b6 12.Nd2 Bg4 13.Bxg4 Nxg4 14.Rfe1 Nxe3 15.Rxe3 f5
16.b3 Qf6 17.a3 h5 18.Ree1 Bh6 19.Nf3 g5 20.exf5 Qxf5 21.Qxf5 Rxf5 22.Ne4 Nxb3
23.Rab1 a4 24.Nfd2 Nd4 25.Rb2 g4 26.Ng3 Bxd2 27.Rxd2 Rg5 28.Ne4 Rg6 29.Nc3 Nb3
30.Rde2 Nc5 31.Ne4 Nxe4 32.Rxe4 Kg7 33.R1e3 Rf8 34.Kf1 Rgf6 35.Re2 Rf4 36.Ke1
Kg6 37.Kf1 Kg5 38.Ke1 h4 39.Kf1 Rxe4 40.Rxe4 Rf4 41.Rxf4 Kxf4 42.Ke2 Ke4
43.f3+ gxf3+ 44.gxf3+ Kd4 {#R} 0-1

[Event "Ch Peru (regional)"]
[Site "Peru"]
[Round "0"]
[White "Rosello Jaime (PER)"]
[Black "Garcia Pio Jesus (ESP)"]
[Result "0-1"]
[WhiteElo "2040"]
[BlackElo "2250"]

1.d4 Nf6 2.c4 g6 3.Nc3 Bg7 4.e4 d6 5.Nf3 O-O 6.Be2 e5 7.O-O Nbd7 8.d5 Nc5
9.Qc2 a5 10.Nd2 Bh6 11.Nb3 Bxc1 12.Raxc1 Nxb3 13.Qxb3 Nd7 14.Qc2 Nc5 15.Qd2 f5
16.f3 Bd7 17.b3 Qh4 18.g3 Qe7 19.Rf2 Rf7 20.Bf1 Raf8 21.Qe2 h5 22.exf5 Bxf5
23.Qe3 g5 24.Re1 Bg6 25.Be2 Qf6 26.Ref1 Kg7 27.Ne4 Nxe4 28.fxe4 Qxf2+ 29.Rxf2
Rxf2 30.Qxf2 Rxf2 31.Kxf2 Bxe4 32.Bxh5 Bb1 33.a3 Ba2 34.Bd1 a4 35.bxa4 Bxc4
36.Bf3 b6 {#R} 0-1

[Event "It (open)"]
[Site "Castellaneta (Italy)"]
[Date "2000.08.29"]
[Round "2"]
[White "Clemente Giuseppe"]
[Black "De Vita Igor (ITA)"]
[Result "0-1"]
[WhiteElo "1903"]
[BlackElo "2141"]

1.d4 Nf6 2.c4 g6 3.Nc3 Bg7 4.e4 d6 5.Nf3 O-O 6.Be2 Nbd7 7.O-O e5 8.d5 Nc5
9.Qc2 a5 10.Bg5 h6 11.Be3 b6 12.a3 Na6 13.Qc1 Ng4 14.Bd2 Nc5 15.Bd1 f5 16.Bc2
Kh7 17.h3 Nf6 18.exf5 gxf5 19.Be3 Bd7 20.Qb1 Ng8 21.Qd1 Qf6 22.Qd2 Kh8 23.b4
Nb7 24.Qe1 Ne7 25.Bd2 Ng6 26.Nb5 Bxb5 27.cxb5 e4 28.Nh2 Qxa1 29.Qxa1 Bxa1
30.Rxa1 axb4 {#R} 0-1

[Event "Ch Italy (w)"]
[Site "Imperia (Italy)"]
[Date "2000.09.06"]
[Round "4"]
[White "Capuano Francesca (ITA)"]
[Black "Tomba Patrizia (ITA)"]
[Result "1-0"]
[WhiteElo "1893"]
[BlackElo "1742"]

1.d4 Nf6 2.Nf3 g6 3.c4 Bg7 4.Nc3 O-O 5.e4 d6 6.Be2 e5 7.O-O Nbd7 8.d5 a6 9.b4
Nh5 10.g3 h6 11.Ba3 f5 12.Nh4 Nf4 13.Nf3 Nxe2+ 14.Qxe2 f4 15.c5 g5 16.g4 Nf6
17.h3 Nxg4 18.hxg4 Bxg4 19.Kg2 Qc8 20.Rh1 Bxf3+ 21.Qxf3 g4 22.Qd3 f3+ 23.Kf1
Qd8 24.Bc1 Qf6 25.Be3 Qg6 26.Ke1 g3 27.fxg3 Qxg3+ 28.Bf2 Qg2 29.Qf1 Qxf1+
30.Kxf1 Rf6 31.Be3 Rg6 32.Rg1 Rxg1+ 33.Kxg1 Rf8 34.Kf2 Kh7 35.Rh1 Rf6 36.Rh3
{#r} 1-0

[Event "Ch Ukraine (1/2 final) (open)"]
[Site "Alushta (Ukraine)"]
[Round "0"]
[White "Aliferenko Aleksei (UKR)"]
[Black "Malikov Vladimir (UKR)"]
[Result "1-0"]
[WhiteElo "2130"]
[BlackElo "2149"]

1.d4 Nf6 2.c4 g6 3.Nc3 Bg7 4.e4 d6 5.Nf3 O-O 6.Be2 Nbd7 7.O-O e5 8.d5 Nc5
9.Qc2 a5 10.Bg5 h6 11.Be3 b6 12.Nd2 Ng4 13.Bxg4 Bxg4 14.a3 Na6 15.Rab1 Bd7
16.b4 axb4 17.axb4 f5 18.exf5 gxf5 19.f3 Qh4 20.Kh1 Qf6 21.Bg1 Rfe8 22.Ne2 Qg6
23.f4 e4 24.Bd4 Bxd4 25.Nxd4 Qf6 26.Qc3 Ra7 27.Ra1 Rea8 28.Rg1 Nxb4 29.Rxa7
Rxa7 30.g4 Kf7 31.g5 hxg5 32.fxg5 Qe5 33.g6+ Kg8 34.Qh3 Qg7 35.Nxf5 e3 36.Nh6+
Kf8 37.Rf1+ Ke8 38.Qxe3+ Kd8 39.Nf7+ Kc8 40.Qh6 Qd4 41.g7 Nd3 42.g8=Q+ Kb7
43.Nd8+ Ka6 44.Qhh8 Ne5 45.Qg1 {#r} 1-0

[Event "Czech League (J) 2001/02"]
[Site "Czech Republic"]
[Round "2"]
[White "Soural Jan (CZE)"]
[Black "Muron Miroslav (CZE)"]
[Result "1-0"]
[WhiteElo "2169"]
[BlackElo "2201"]

1.d4 Nf6 2.c4 g6 3.Nc3 Bg7 4.e4 d6 5.Nf3 O-O 6.Be2 Nbd7 7.O-O e5 8.d5 Nc5
9.Qc2 a5 10.Bg5 h6 11.Be3 Nh5 12.g3 f5 13.Nh4 Nf4 14.Bxf4 exf4 15.Nxg6 fxg3
16.fxg3 Re8 17.exf5 Qg5 18.Rf4 Bxf5 19.Rxf5 Qxg6 20.Bh5 Bd4+ 21.Kh1 Qh7
22.Bf7+ Kh8 23.Bxe8 Rxe8 24.Raf1 Rg8 25.Qd2 Be5 26.Rf7 Qg6 27.Rxc7 Nd3 28.Rff7
Re8 29.Qe2 Nxb2 30.Qe4 {#r} 1-0

[Event "Ch Sweden (master's group)"]
[Site "Linkoping (Sweden)"]
[Round "10"]
[White "Ahlander Bjorn (SWE)"]
[Black "Herrstrom Tony (SWE)"]
[Result "1-0"]
[WhiteElo "2426"]
[BlackElo "2180"]

1.d4 Nf6 2.c4 g6 3.Nc3 Bg7 4.e4 d6 5.Be2 O-O 6.Nf3 Nbd7 7.O-O e5 8.d5 a5 9.Qc2
Nc5 10.Bg5 h6 11.Be3 b6 12.Nd2 Nh7 13.a3 f5 14.f3 Na6 15.exf5 gxf5 16.f4 Qe7
17.Rae1 Bd7 18.Bd3 Nc5 19.Bxc5 bxc5 20.fxe5 dxe5 21.Bxf5 Bxf5 22.Rxf5 Qh4
23.Re4 Qe7 24.Re2 Ng5 25.Rxf8+ Rxf8 26.Nce4 h5 27.Qd3 Bh6 28.Qg3 h4 29.Qxh4
Qg7 30.Qg3 Rf4 31.b3 Qg6 32.h4 Qh5 33.Nf3 Rxf3 34.gxf3 Qxh4 35.Qxh4 Nxf3+
36.Kh1 Nxh4 37.Rh2 Nf5 38.Rh5 {#r} 1-0

[Event "It (open)"]
[Site "Poio (Spain)"]
[Round "8"]
[White "Barral Rubirosa Cristobal (ESP)"]
[Black "Pena Gomez Manuel (ESP)"]
[Result "1-0"]
[WhiteElo "2137"]
[BlackElo "2065"]

1.d4 Nf6 2.Nf3 g6 3.c4 Bg7 4.Nc3 O-O 5.e4 d6 6.Be2 Nbd7 7.O-O e5 8.d5 Nc5
9.Qc2 a5 10.Bg5 h6 11.Be3 Nfd7 12.Nd2 f5 13.exf5 gxf5 14.f4 exf4 15.Bxf4 Ne5
16.Nb3 Ng6 17.Nxc5 Bd4+ 18.Kh1 Nxf4 19.Rxf4 Bxc5 20.Qd3 Qe7 21.Qh3 Be3 22.Qxh6
Bxf4 23.Qxf4 Rf7 24.Rf1 Rg7 25.Bd3 Bd7 26.Nb5 Bxb5 27.cxb5 Qg5 28.Qxg5 Rxg5
29.Bxf5 Rf8 30.g4 Kh8 31.Re1 Rg7 32.Re3 Rgf7 33.Kg2 Rf6 34.Kg3 Kg7 35.h4 R8f7
36.Kf4 Kf8 37.Kg5 Re7 38.Rxe7 Kxe7 39.h5 Rf8 40.Be6 Rf2 41.h6 Rxb2 42.h7 Rh2
43.Kg6 Kf8 44.g5 Rh4 45.Bg4 {#r} 1-0

[Event "Ch Germany (juniors) (under 18)"]
[Site "Willingen (Germany)"]
[Round "4"]
[White "Strumpf Erik (GER)"]
[Black "Uhl Benjamin (GER)"]
[Result "1-0"]
[WhiteElo "2033"]
[BlackElo "2188"]

1.d4 Nf6 2.c4 g6 3.Nc3 Bg7 4.e4 d6 5.Nf3 O-O 6.Be2 e5 7.O-O Nbd7 8.d5 Nc5
9.Nd2 a5 10.b3 Ne8 11.Bb2 f5 12.a3 Nf6 13.f3 Nh5 14.b4 Nd7 15.Rf2 Qg5 16.Nb5
Nf4 17.Kh1 Nxe2 18.Rxe2 Qd8 19.Bc3 Nf6 20.a4 fxe4 21.Nxe4 Nxe4 22.Rxe4 Bf5
23.Re1 axb4 24.Bxb4 Bd7 25.Re4 Bf5 26.Re1 Rf7 27.Nc3 Qh4 28.Ne4 Bd7 29.a5 Rf5
30.Ra2 Raf8 31.Qe2 Bh6 32.Rg1 Qd8 33.c5 dxc5 34.Nxc5 Bc8 35.Ne6 Bxe6 36.Bxf8
Bxd5 37.Bxh6 Rh5 38.Rd1 Rxh6 39.Qd2 Rxh2+ 40.Kxh2 Qh4+ 41.Kg1 Bxa2 42.Qxa2+
Kg7 43.Qd5 Qa4 44.Qxe5+ Kh6 45.Qe3+ Kg7 46.Qd4+ {#r} 1-0

[Event "Ch Georgia (juniors) (under 20)"]
[Site "Tbilisi (Georgia)"]
[Round "6"]
[White "Morchiashvili Bachana (GEO)"]
[Black "Kamadadze Zviad (GEO)"]
[Result "0-1"]
[WhiteElo "2091"]
[BlackElo "2243"]

1.Nf3 Nf6 2.c4 g6 3.Nc3 Bg7 4.d4 O-O 5.e4 d6 6.Be2 e5 7.O-O Nbd7 8.d5 Nc5
9.Qc2 a5 10.b3 Nh5 11.Re1 f5 12.Nd2 Nf6 13.Bf3 f4 14.a3 g5 15.Bb2 g4 16.Be2 g3
17.fxg3 fxg3 18.hxg3 Bg4 19.b4 Ncd7 20.Nf1 Qe8 21.Nh2 Qg6 22.Rf1 Bxe2 23.Qxe2
Qxg3 24.Qf3 Qh4 25.Qh3 Qg5 26.Bc1 Qg6 27.Qe6+ Kh8 28.Nf3 axb4 29.Nb5 Nc5
30.Qe7 Rf7 31.Nxe5 Rxe7 {#R} 0-1

[Event "Ch Ukraine (team)"]
[Site "Alushta (Ukraine)"]
[Round "7"]
[White "Korobov Anton (UKR)"]
[Black "Varavin Viktor (RUS)"]
[Result "1-0"]
[WhiteElo "2509"]
[BlackElo "2433"]

1.d4 Nf6 2.c4 d6 3.Nf3 g6 4.Nc3 Bg7 5.e4 O-O 6.Be2 e5 7.O-O Nbd7 8.d5 a6 9.b4
a5 10.Ba3 Ne8 11.bxa5 Rxa5 12.Bb4 Ra8 13.a4 f5 14.a5 Nc5 15.Nd2 Rf7 16.Bxc5
dxc5 17.Nb3 Bf8 18.Re1 Bd6 19.exf5 gxf5 20.Na4 e4 21.Naxc5 Rg7 22.Bf1 Nf6
23.h3 f4 24.Nxe4 Nxe4 25.Rxe4 Bxh3 26.c5 Qg5 27.Qf3 Bg4 28.Qc3 f3 29.cxd6 fxg2
30.Be2 Bf5 31.Re7 Rg6 32.Qg3 Qh6 33.Qh2 Kh8 34.Bh5 Rxd6 35.Qe5+ Rf6 36.Rf7 Rf8
37.Rxf8+ Qxf8 38.a6 {#r} 1-0

[Event "It (open) (c)"]
[Site "Aragon (Spain)"]
[Round "3"]
[White "Alcon Herrero Javier (ESP)"]
[Black "Carruez Berges Santiago (ESP)"]
[Result "0-1"]
[WhiteElo "2073"]
[BlackElo "2152"]

1.d4 Nf6 2.c4 g6 3.Nc3 Bg7 4.e4 O-O 5.Nf3 d6 6.Be2 e5 7.O-O Nbd7 8.d5 Nc5
9.Nd2 a5 10.b3 Ne8 11.Bb2 f5 12.a3 Nf6 13.f3 Nh5 14.b4 axb4 15.axb4 Rxa1
16.Qxa1 Na6 17.c5 Nxb4 18.cxd6 cxd6 19.Nc4 Nc2 20.Qa4 Nd4 21.Re1 Bh6 22.g3
fxe4 23.fxe4 Qf6 24.Qd1 Qf2+ 25.Kh1 Bh3 26.Rg1 b5 27.Bxh5 gxh5 28.Ba3 Nf3 {#R}
0-1

[Event "It (open) \"]
[Site "Copenhagen (Denmark)"]
[Round "8"]
[White "Sandbeck Ted (DEN)"]
[Black "Skjoldan Benjamin (DEN)"]
[Result "0-1"]
[WhiteElo "1822"]
[BlackElo "2091"]

1.Nf3 Nf6 2.d4 g6 3.c4 Bg7 4.Nc3 d6 5.e4 O-O 6.Be2 e5 7.d5 Nbd7 8.O-O Nc5
9.Qc2 a5 10.Bg5 h6 11.Be3 Ne8 12.a3 f5 13.Bxc5 dxc5 14.Rad1 Nd6 15.Bd3 b6
16.Rfe1 f4 17.Ra1 g5 18.Nd2 g4 19.g3 Qf6 20.Nd1 h5 21.gxf4 Qxf4 22.Nf1 h4
23.Qc1 Qf6 24.Nfe3 Bh6 25.Qc2 Kf7 26.Nf5 Bxf5 27.exf5 Rg8 28.Re2 g3 29.fxg3
hxg3 30.hxg3 Rxg3+ 31.Rg2 Rag8 32.Bf1 Nxf5 33.Qf2 Bf4 34.Qe2 Qh4 {#R} 0-1

[Event "Cup Bodensee"]
[Site "Lindau (Germany)"]
[Round "3"]
[White "Huss Andreas (SUI)"]
[Black "Solomunovic Igor (GER)"]
[Result "1-0"]
[WhiteElo "2350"]
[BlackElo "2424"]

1.d4 Nf6 2.Nf3 g6 3.c4 Bg7 4.Nc3 O-O 5.e4 d6 6.Be2 Nbd7 7.O-O e5 8.d5 Nc5
9.Qc2 a5 10.Bg5 h6 11.Be3 b6 12.Nd2 Ng4 13.Bxg4 Bxg4 14.a3 Bd7 15.b4 Na4
16.Rab1 f5 17.f3 f4 18.Bf2 g5 19.bxa5 bxa5 20.c5 h5 21.cxd6 cxd6 22.Nc4 g4
23.Kh1 Rb8 24.Nxd6 gxf3 25.gxf3 Bh3 26.Nf5 Bxf1 27.Rxf1 Bf6 28.d6 Kh7 29.Nd5
Bg5 30.Nde7 Qe8 31.Rg1 Bxe7 32.Nxe7 Qb5 33.Bd4 Qb3 34.Qg2 Qf7 35.Bxe5 Nc5
36.Qg7+ Qxg7 37.Rxg7+ Kh6 38.Nf5+ Rxf5 39.exf5 Nd3 40.Bd4 Ne1 41.d7 Nxf3
42.Rg6+ Kh7 43.Bb6 Ne1 44.d8=Q {#r} 1-0